GRAY'S ANATOMY FOR STUDENTS (Record no. 7982)
[ view plain ]
| 000 -LEADER | |
|---|---|
| fixed length control field | 00325nam a2200133Ia 4500 |
| 082 ## - DEWEY DECIMAL CLASSIFICATION NUMBER | |
| Classification number | 611 |
| Item number | G 15 D |
| 100 ## - MAIN ENTRY--PERSONAL NAME | |
| Personal name | DRAKE, RICHARD L. |
| 245 ## - TITLE STATEMENT | |
| Title | GRAY'S ANATOMY FOR STUDENTS |
| 250 ## - EDITION STATEMENT | |
| Edition statement | 3 RD |
| 260 ## - PUBLICATION, DISTRIBUTION, ETC. (IMPRINT) | |
| Name of publisher, distributor, etc | ELSEVIER- INDIA DELHI |
| Year of Publication | 2015 |
| 300 ## - PAGE DESCRIPTION | |
| No. of Pages | 1161 |
| 942 ## - ADDED ENTRY ELEMENTS (KOHA) | |
| Source of classification or shelving scheme | Dewey Decimal Classification |
| Koha item type | Books |
| 942 ## - ADDED ENTRY ELEMENTS (KOHA) | |
| -- | 1 |
| Withdrawn status | Lost status | Source of classification or shelving scheme | Damaged status | Use restrictions | Not for loan | Collection code | Home library | Current library | Shelving location | Date acquired | Vendor Name | Cost, normal purchase price | SGTU | Bill Number | Total Checkouts | Full call number | Accession No. (Barcode) | Date last seen | Date last borrowed | Bill Date | Koha item type |
|---|---|---|---|---|---|---|---|---|---|---|---|---|---|---|---|---|---|---|---|---|---|
| Dewey Decimal Classification | Restricted Access | AYURVEDA | SGT FA-FP Library | SGT FA-FP Library | Reference Book | 14/09/2015 | ABC DELHI | 47.00 | SGTU | 5697 | 5 | 611 G 15 D | FA2483 | 01/05/2024 | 01/05/2024 | 31/03/2015 | Books | ||||
| Dewey Decimal Classification | AYURVEDA | SGT FA-FP Library | SGT FA-FP Library | Text Book | 14/09/2015 | ABC DELHI | 47.00 | SGTU | 5698 | 3 | 611 G 15 D | FA2484 | 08/03/2016 | 29/02/2016 | 31/03/2015 | Books |